American Immigrants - Statistics

General Stats
  • This quiz has been taken 58 times
  • The average score is 7 of 10
Answer Stats
# American Immigrants Country % Correct
139,000–197,143 United Kingdom
100%
738,100–1,000,000 Mexico
94%
100,000 France
93%
324,000 Germany
91%
316,350–1,000,000 Canada
89%
71,493 China
87%
120,000–158,000 South Korea
46%
220,000–600,000 Philippines
44%
200,000 Israel
41%
130,000 Costa Rica
28%
No matching quizzes found
Score Distribution
Percent of People with Each Score
Percentile by Number Answered
Your Score History
You have not taken this quiz